000 00685nam a2200205Ii 4500
003 JO-AjNU
008 230605s9999||||xx |||||||||||||| ||und||
040 _aJO-AjNU
_bara
_erda
_cJO-AjNU
041 _aara
050 1 4 _aDS38.4
100 3 _aبقلم بن عبد العزيز، عبدالله ,
_eauthor
_920879
245 0 0 _aمن قتل الحسين رضى الله عنه
250 _aط2
264 3 1 _aالقاهرة: دار الامل، (د.ت)
300 _a129ص
336 _atext
_btxt
_2rdacontent
337 _aunmediated
_bn
_2rdamedia
338 _avolume
_bnc
_2rdacarrier
650 4 _aتاريخ اسلامي- تراجم - الحسين رضى الله عنه
_920880
999 _aA7158
_c10726
_d10726